Manual de valuación impositiva (Registro nro. 305)

Detalles MARC
000 -LEADER
fixed length control field 01137 a2200217 4500
001 - CONTROL NUMBER
control field 3236
005 - DATE AND TIME OF LATEST TRANSACTION
control field 20260407155426.0
008 - FIXED-LENGTH DATA ELEMENTS--GENERAL INFORMATION
fixed length control field 260407a2007 arg spa d
003 - CONTROL NUMBER IDENTIFIER
control field AR-UNSa-BCEJYS
040 ## - CATALOGING SOURCE
Original cataloging agency AR-UNSa-BCEJYS
Language of cataloging spa
Transcribing agency AR-UNSa-BCEJYS
080 ## - UNIVERSAL DECIMAL CLASSIFICATION NUMBER
Universal Decimal Classification number 336.226
Common auxiliary subdivision Tipos de impuestos. Impuestos directos e indirectos<br/>
020 ## - INTERNATIONAL STANDARD BOOK NUMBER
International Standard Book Number 978-987-1140-62-6
100 1# - MAIN ENTRY--PERSONAL NAME
Personal name Spina, Carlos E.
245 10 - TITLE STATEMENT
Title Manual de valuación impositiva
Name of part/section of a work técnicas de valuación en los distintos tributos
264 #1 - PRODUCTION, PUBLICATION, DISTRIBUTION, MANUFACTURE, AND COPYRIGHT NOTICE
Place of production, publication, distribution, manufacture Buenos Aires :
Name of producer, publisher, distributor, manufacturer Osmar D. Buyatti
Date of production, publication, distribution, manufacture, or copyright notice 2007
300 ## - PHYSICAL DESCRIPTION
Extent 435 p.
Dimensions 22 cm.
505 ## - FORMATTED CONTENTS NOTE
Formatted contents note 1. Procedimiento. Actualización impositiva - 2. Impuesto a las ganancias - 3. Venta y reemplazo - 4. Deudores incobrables - 5. Bienes de cambio - 6. Ajuste por inflación en el impuesto a las ganancias - 7. Resolución general DGI 2527 - 8. Costo computable - 9. Impuesto a los bienes personales - 10. Impuesto a la ganancia mínima presunta - 11. Leasing
590 ## - LOCAL NOTE (RLIN)
Local note niveau_biblio:m niveau_hierar:0
856 41 - ELECTRONIC LOCATION AND ACCESS
Uniform Resource Identifier <a href="https://biblioeco.unsa.edu.ar/pmb/images/libros/Manual de valuacion impositiva-l16420.jpg">https://biblioeco.unsa.edu.ar/pmb/images/libros/Manual de valuacion impositiva-l16420.jpg</a>
Link text Imagen de portada
Electronic format type image/jpeg
942 ## - ADDED ENTRY ELEMENTS (KOHA)
Koha item type
Existencias
Withdrawn status Lost status Damaged status Not for loan Home library Current library Shelving location Date acquired Total checkouts Full call number Barcode Date last seen Price effective from Koha item type
        Biblioteca Prof. Eusebio Cleto del Rey Biblioteca Prof. Eusebio Cleto del Rey   07/04/2026   336.226 S757 L116420 07/04/2026 07/04/2026 Libro